Dexter - Who Killed Who? - Statistics

General Stats
  • This quiz has been taken 347 times
  • The average score is 9 of 19
Answer Stats
Hint Answer % Correct
Rita Bennett Arthur Mitchell
98%
James Doakes Lila West
95%
Maria LaGuerta Debra Morgan
86%
Jordan Chase Lumen Pierce
65%
Ellen Wolf Miguel Prado
54%
Camilla Figg Dexter Morgan
53%
Zach Hamilton Oliver Saxon
53%
Angel Batista Leon Prater
50%
Frank Lundy Christine Hill
47%
James Gellar Travis Marshall
42%
Laura Moser Hector Estrada
39%
Louis Greene Isaak Sirko
39%
Sally Mitchell Jonah Mitchell
38%
Sal Price Hannah McKay
35%
George Novikov Joey Quinn
34%
Isaak Sirko George Novikov
33%
Mike Anderson Viktor Baskov
31%
Brother Sam Nick
20%
Ryan Foster Harrison Morgan
16%
No matching quizzes found
Score Distribution
Percent of People with Each Score
Percentile by Number Answered
Your Score History
You have not taken this quiz